| 000 | 00952nam a22002537a 4500 | ||
|---|---|---|---|
| 001 | 1296 | ||
| 005 | 20230811124744.0 | ||
| 008 | 230811b cb ||||| |||| 00| 0 eng d | ||
| 020 | _a9780439653497 | ||
| 040 |
_aFISKH _beng _cFISKH _dFISKH |
||
| 050 | _aAG243.S86 | ||
| 082 | _a031.02 | ||
| 100 | _aStrasser, Todd | ||
| 245 |
_aKids' book of cross facts & feats / _cby Todd Strasser illustrated by Donna Reynolds |
||
| 250 | _aFirst scholastic printing, January 2004 | ||
| 260 |
_aNew York : _bScholastic, _c1998 |
||
| 300 |
_a94 pages, 1 unnumbered plate : _b20 cm. |
||
| 505 | _aQ | ||
| 520 | _aOffers facts and anecdotes about the human body, animals, and human behavior, from the number of microorganisms that live in a person's mouth to the world's largest earthworm and the customs of the Massagetae, who killed and ate their elders. | ||
| 521 |
_a880
_bLexile |
||
| 521 |
_aQ
_bRaz-Plus |
||
| 650 | _2fact book | ||
| 942 |
_2ddc _cBK _n0 |
||
| 999 |
_c1296 _d1296 |
||